Druhové zloženie fytoplanktónu rybníkov vo Vajnoroch

Bibliographic Details
Main Authors: Sajtáková, Elena (Author), Hindák, František, 1937-2019 (Author)
Format: Article
Language:Slovak

MARC

LEADER 00000nab a2200000ua 4500
001 vtls010834503
003 SK-MaSNL
005 20260303212544.0
008 230121s1992 xo |||||||||||||||||slo|
035 |a (urnnbn)urn:nbn:sk:snk:ar-a06ohi 
035 |a urn:nbn:sk:snk-ab5yoj 
035 |a (uuid)e392720b-07db-43ac-aaca-156bde120907 
040 |a SNKBUCL  |b slo  |c SNKBUCL  |e AACR2 
041 0 |a slo 
044 |a xo  |c SK 
100 1 |a Sajtáková, Elena  |4 aut  |9 796783 
245 1 0 |a Druhové zloženie fytoplanktónu rybníkov vo Vajnoroch  |c Elena Sajtáková, František Hindák 
246 3 |a Species composition of the phytoplankton of fishponds at Vajnory 
700 1 |a Hindák, František,  |d 1937-2019  |4 aut  |9 264601 
773 0 |t Bulletin Slovenskej botanickej spoločnosti pri Slovenskej akadémii vied  |g Roč. 14, č. 1 (1992), s. 45-48 
954 |a odborná, vedecká literatúra pôvodná (slovenská)  |2 lita 
958 |a OND 
958 |a EUIPO 
958 |a article5 
999 |c 2207921  |d 2209851